|
|
|
|
| LEADER |
01939nam a2200457 i 4500 |
| 001 |
EBC5724384 |
| 003 |
MiAaPQ |
| 005 |
20200520144314.0 |
| 006 |
m o d | |
| 007 |
cr cnu|||||||| |
| 008 |
190322s2017 enka o 000 0 eng d |
| 020 |
|
|
|z 9781784538729
|
| 020 |
|
|
|a 9781786732095 (e-book)
|
| 035 |
|
|
|a (MiAaPQ)EBC5724384
|
| 035 |
|
|
|a (Au-PeEL)EBL5724384
|
| 035 |
|
|
|a (CaPaEBR)ebr11657988
|
| 035 |
|
|
|a (OCoLC)992547260
|
| 040 |
|
|
|a MiAaPQ
|b eng
|e rda
|e pn
|c MiAaPQ
|d MiAaPQ
|
| 043 |
|
|
|a a-tu---
|
| 050 |
|
4 |
|a DR605.E73
|b .N465 2017
|
| 082 |
0 |
|
|a 956.104
|2 23
|
| 245 |
0 |
0 |
|a Neoliberal Turkey and its discontents :
|b economic policy and the environment under Erdogan /
|c edited by Fikret Adaman, Bengi Akbulut and Murat Arsel.
|
| 264 |
|
1 |
|a London ;
|a New York :
|b I.B. Tauris,
|c 2017.
|
| 300 |
|
|
|a 1 online resource (x, 273 pages) :
|b illustrations.
|
| 336 |
|
|
|a text
|b txt
|2 rdacontent
|
| 337 |
|
|
|a computer
|b c
|2 rdamedia
|
| 338 |
|
|
|a online resource
|b cr
|2 rdacarrier
|
| 490 |
1 |
|
|a Library of modern Turkey ;
|v 31
|
| 588 |
|
|
|a Description based on print version record.
|
| 590 |
|
|
|a Electronic reproduction. Ann Arbor, MI : ProQuest, 2018. Available via World Wide Web. Access may be limited to ProQuest affiliated libraries.
|
| 600 |
1 |
0 |
|a Erdogan, Recep Tayyip.
|
| 650 |
|
0 |
|a Economic development
|z Turkey.
|
| 650 |
|
0 |
|a Neoliberalism
|z Turkey.
|
| 655 |
|
4 |
|a Electronic books.
|
| 700 |
1 |
|
|a Adaman, Fikret,
|e editor.
|
| 700 |
1 |
|
|a Akbulut, Bengi,
|d 1982-
|e editor.
|
| 700 |
1 |
|
|a Arsel, Murat,
|e editor.
|
| 776 |
0 |
8 |
|i Print version:
|t Neoliberal Turkey and its discontents : economic policy and the environment under Erdogan.
|d London ; New York : I.B. Tauris, 2017
|h x, 273 pages
|k Library of modern Turkey ; 31.
|z 9781784538729
|
| 797 |
2 |
|
|a ProQuest (Firm)
|
| 830 |
|
0 |
|a Library of modern Turkey ;
|v 31.
|
| 856 |
4 |
0 |
|u https://ebookcentral.proquest.com/lib/matrademy/detail.action?docID=5724384
|z Click to View
|